| 000 | 00442nam a22001697a 4500 | ||
|---|---|---|---|
| 999 |
_c524056 _d524056 |
||
| 003 | NUST | ||
| 038 | _awaseem | ||
| 082 |
_a891.421 _bCHA |
||
| 100 |
_aChan, Dilshad Ahmed _914881 |
||
| 245 |
_aNabi Sohna / _cDilshad Ahmed Chan |
||
| 260 |
_aLahore : _bIlyas Ghumman, _c2000. |
||
| 300 | _a144 p. ; | ||
| 500 | _aHardcover. | ||
| 880 |
_6100-02\r _aدلشاد احمد چن |
||
| 880 |
_6245-02\r _aنبیﷺ سوہنا / |
||
| 942 |
_2ddc _cBK |
||